000 00400nam a2200169 i 4500
001 bg
100 1 _aRACHMEL, S.
245 0 _aKorrosion und Korrosionschutz /
_cS. Rachmel.
260 _aNew York :
_bVerlag Chemie,
_c1977.
020 _a3527256830
040 _cBPK
041 _apol
080 _a620.1
920 _a3-527-25683-0
942 _cKS
008 s pl f |000 0 pol
999 _c18675
_d18675
856 _uhttp://koha.tu.koszalin.pl/cgi-bin/koha/opac-detail.pl?biblionumber=18675
_yKatalog online BPK